| 000 | 00715cam a2200265 4500 | ||
|---|---|---|---|
| 008 | 090401t1996 xxu||||| |||| 00| 0 eng d | ||
| 020 | _a0117531200 | ||
| 035 | _a(Sirsi) u40368 | ||
| 041 | _aeng | ||
| 050 | _a333.77 | ||
| 100 | _aBibby, Peter | ||
| 245 | _aUrbanisation in England : projections 1991-2016. | ||
| 260 |
_aLondon _bStationery Office _c1996 |
||
| 300 | _axvi,116p. : ill.,maps ; 30cm. | ||
| 350 | _a23 | ||
| 650 | _aHOUSE BUILDING | ||
| 650 | _aHOUSEHOLD PROJECTIONS | ||
| 650 | _aURBAN AREAS | ||
| 650 | _aURBAN GROWTH | ||
| 690 | _aURBAN RENEWAL | ||
| 700 | _aShepherd, John | ||
| 710 |
_aUnited Kingdom _bDepartment of the Environment _9982 |
||
| 942 | _n0 | ||
| 948 | _c04/03/1997 | ||
| 999 |
_c90857 _d90857 |
||